PAC-12 College Football Teams - Statistics

General Stats
  • This quiz has been taken 8 times
  • The average score is 7 of 8
Answer Stats
School Team Name/Colors % Correct
Boise State Broncos
100%
Colorado State Rams
100%
Oregon State Beavers
100%
San Diego State Aztecs
100%
Fresno State Bulldogs
86%
Utah State Aggies
86%
Washington State Cougars
86%
Texas State Bobcats
71%
No matching quizzes found
Score Distribution
Percent of People with Each Score
Percentile by Number Answered
Your Score History
You have not taken this quiz